LEADER 01468nam0 2200313 i 450 001 PUV1349214 005 20231121125622.0 010 $a9788813332099 100 $a20131126d2012 ||||0itac50 ba 101 | $aita 102 $ait 181 1$6z01$ai $bxxxe 182 1$6z01$an 200 1 $a˜L'œimpugnazione delle delibere del consiglio d'amministrazione nelle società per azioni$estudio sui rapporti tra tutela specifica e tutela risarcitoria$fSilvana Dalla Bontà 210 $a[Assago]$cCEDAM$d2012 215 $aXX, 342 p.$d24 cm 225 | $aDipartimento di scienze giuridiche, Università di Trento$v103 410 0$1001CFI0117184$12001 $aDipartimento di scienze giuridiche, Università di Trento$v103$171201$aUniversità degli studi di Trento$b : Dipartimento di scienze giuridiche$3CFIV072423 606 $aSocietà$xConsiglio di Amministrazione$xDeliberazioni$2FIR$3RMLC394910$9I 676 $a346.4506645$9$v21 700 1$aDalla Bontà$b, Silvana$3UFEV319132$0616195 801 3$aIT$bIT-01$c20131126 850 $aIT-FR0098 899 $aBiblioteca Area Giuridico Economica$bFR0098 $eN 912 $aPUV1349214 950 0$aBiblioteca Area Giuridico Economica$d 53DEG 27 138$e 53DEG0000003105 VMN A4 $fA $h20120101$i20131209 977 $a 53 996 $aImpugnazione delle delibere del consiglio d'amministrazione nelle società per azioni$91080710 997 $aUNICAS LEADER 01600nam0 2200397 i 450 001 IEI0209402 005 20231121125509.0 010 $a8833914992 020 $aIT$b2005-7122 100 $a20050111d2004 ||||0itac50 ba 101 | $aita 102 $ait 181 1$6z01$ai $bxxxe 182 1$6z01$an 200 1 $a˜La œpupilla del duce$ela Legione autonoma mobile Ettore Muti$fMassimiliano Griner 210 $aTorino$cBollati Boringhieri$d2004 215 $aXV, 240 p.$d22 cm. 225 | $aNuova cultura$v103 410 0$1001CFI0073315$12001 $aNuova cultura$v103 606 $aFascismo$xMilano$x1944-1945$2FIR$3RMLC409919$9I 606 $aFascismo$xMilano$x1944$2FIR$3RMLC261720$9I 606 $aLegione autonoma mobile Ettore Muti$2FIR$3RMLC261721$9I 676 $a945.091$9$v21 676 $a945.0916$9$v21 700 1$aGriner$b, Massimiliano$3VIAV101083$4070$0261480 801 3$aIT$bIT-01$c20050111 850 $aIT-RM0289 $aIT-RM0319 $aIT-RM0460 $aIT-FR0017 899 $aBiblioteca Statale A. Baldini$bRM0289 899 $aBiblioteca dello Stato Maggiore dell' Aeronautica$bRM0319 899 $aBiblioteca Dell' Archivio Centrale Dello Stato$bRM0460 899 $aBiblioteca umanistica Giorgio Aprea$bFR0017 912 $aIEI0209402 950 0$aBiblioteca umanistica Giorgio Aprea$d 52MAG 5/1812$e 52FLS0000273725 VMB RS $fA $h20200727$i20200727 977 $a 04$a 22$a 27$a 52 996 $aPupilla del duce$93607415 997 $aUNICAS